[Event "Las Palmas Isla Bonita op 4th"]
[Site "Las Palmas"]
[Date "2019.04.13"]
[Round "1.9"]
[White "Garcia Mendoza, Itzael"]
[Black "Leon Varela, Luis"]
[Result "0-1"]
[WhiteElo "1302"]
[BlackElo "2154"]
[PlyCount "52"]
[EventDate "2019.04.13"]
[EventType "swiss"]
[EventRounds "7"]
[EventCountry "ESP"]
[SourceTitle "CBM 190 Extra"]
[Source "ChessBase"]
[SourceDate "2019.07.15"]
[SourceVersion "1"]
[SourceVersionDate "2019.07.15"]
[SourceQuality "1"]

1. Nf3 d5 2. g3 g6 3. Bg2 Bg7 4. 0-0 e5 5. d3 Nc6 6. Nbd2 Nge7 7. c4 0-0 8. Rb1 a5 9. b3 h6 10. Bb2 d4 11. a3 Be6 12. Qc2 Qd7 13. Ne4 b6 14. e3 f5 15. Ned2 dxe3 16. fxe3 Rad8 17. Ne1 f4 18. exf4 Nd4 19. Qd1 Nef5 20. Kf2 exf4 21. gxf4 a4 22. b4 Qd6 23. Ndf3 Nxf3 24. Qxf3 Bxb2 25. Rxb2 Qd4+ 26. Ke2 Qxb2+ 0-1

[Event "Fuerteventura op 1st"]
[Site "Fuerteventura"]
[Date "2016.09.30"]
[Round "1"]
[White "Diaz Martin, Cristina"]
[Black "Leon Varela, Luis"]
[Result "0-1"]
[WhiteElo "1505"]
[BlackElo "2170"]
[PlyCount "60"]
[EventDate "2016.09.30"]
[EventType "swiss"]
[EventRounds "7"]
[EventCountry "ESP"]
[SourceTitle "EXT 2017"]
[Source "ChessBase"]
[SourceDate "2016.10.25"]
[SourceVersion "1"]
[SourceVersionDate "2016.10.25"]
[SourceQuality "1"]

1. e4 e6 2. d4 d5 3. Nd2 Nf6 4. e5 Nfd7 5. Bd3 c5 6. c3 Nc6 7. Ne2 cxd4 8. cxd4 f6 9. exf6 Nxf6 10. Nf3 Bd6 11. 0-0 Qc7 12. Bg5 0-0 13. Bh4 Nh5 14. Bg3 Nf4 15. Bxf4 Bxf4 16. Ng3 g6 17. Nh4 Qg7 18. Ne2 Bg5 19. Nf3 Rxf3 20. gxf3 Nxd4 21. Ng3 Bd7 22. Be2 h5 23. Bd3 h4 24. Nh1 Rf8 25. f4 Bxf4 26. Qg4 e5 27. Qxg6 Qxg6+ 28. Bxg6 Ne2+ 29. Kg2 h3+ 30. Kf3 Nd4# 0-1

[Event "Las Palmas Insular-chT Pref"]
[Site "Las Palmas"]
[Date "2013.03.09"]
[Round "12.1"]
[White "Leon Varela, Luis"]
[Black "Jerez Lopez, Juan Ramon"]
[Result "1-0"]
[WhiteElo "2148"]
[BlackElo "1949"]
[PlyCount "55"]
[EventDate "2012.11.10"]
[EventType "team-tourn"]
[EventRounds "14"]
[EventCountry "ESP"]
[SourceTitle "EXT 2014"]
[Source "ChessBase"]
[SourceDate "2013.11.20"]
[SourceVersion "1"]
[SourceVersionDate "2013.11.20"]
[SourceQuality "1"]
[WhiteTeam "Villa de Teror"]
[BlackTeam "Panaderia Pulido San Mateo"]
[WhiteTeamCountry "ESP"]
[BlackTeamCountry "ESP"]

1. d4 f5 2. g3 Nf6 3. Bg2 e6 4. Nf3 d5 5. c4 c6 6. 0-0 Bd6 7. Bf4 Bxf4 8. gxf4 0-0 9. e3 Qe8 10. Nc3 Qh5 11. Qc2 Nbd7 12. Ne5 Ne4 13. Ne2 Nxe5 14. dxe5 b6 15. f3 Nc5 16. cxd5 cxd5 17. b4 Nb7 18. Nd4 Qe8 19. Rfc1 Nd8 20. Bf1 Bb7 21. a4 a6 22. Qc7 Rc8 23. Qxb6 Rxc1 24. Rxc1 Qg6+ 25. Kh1 Qh6 26. Bxa6 Bxa6 27. Qxa6 Qh3 28. Rg1 1-0

[Event "Las Palmas Insular-chT Pref"]
[Site "Las Palmas"]
[Date "2013.02.23"]
[Round "10.1"]
[White "Gutierrez Olivares, Daniel"]
[Black "Leon Varela, Luis"]
[Result "1-0"]
[WhiteElo "2367"]
[BlackElo "2148"]
[PlyCount "41"]
[EventDate "2012.11.10"]
[EventType "team-tourn"]
[EventRounds "14"]
[EventCountry "ESP"]
[SourceTitle "EXT 2014"]
[Source "ChessBase"]
[SourceDate "2013.11.20"]
[SourceVersion "1"]
[SourceVersionDate "2013.11.20"]
[SourceQuality "1"]
[WhiteTeam "Real Club Victoria"]
[BlackTeam "Villa de Teror"]
[WhiteTeamCountry "ESP"]
[BlackTeamCountry "ESP"]

1. Nc3 d5 2. e4 c6 3. Qe2 dxe4 4. Nxe4 Bf5 5. Nf3 e6 6. d4 Nf6 7. Nxf6+ gxf6 8. g3 Bg4 9. c3 h5 10. h3 Bxf3 11. Qxf3 Nd7 12. Bg2 Bd6 13. Bd2 Qa5 14. 0-0 0-0-0 15. b4 Qb5 16. c4 Qxc4 17. Rfc1 Qxd4 18. Rxc6+ Bc7 19. Rc3 Nc5 20. Rxc5 Qxa1+ 21. Rc1 1-0

[Event "Las Palmas Insular-chT Pref"]
[Site "Las Palmas"]
[Date "2013.01.19"]
[Round "6.1"]
[White "Leon Varela, Luis"]
[Black "Garcia Blanco, Omar"]
[Result "0-1"]
[WhiteElo "2148"]
[BlackElo "2277"]
[PlyCount "48"]
[EventDate "2012.11.10"]
[EventType "team-tourn"]
[EventRounds "14"]
[EventCountry "ESP"]
[SourceTitle "EXT 2014"]
[Source "ChessBase"]
[SourceDate "2013.11.20"]
[SourceVersion "1"]
[SourceVersionDate "2013.11.20"]
[SourceQuality "1"]
[WhiteTeam "Villa de Teror"]
[BlackTeam "Canarias de Vecindario"]
[WhiteTeamCountry "ESP"]
[BlackTeamCountry "ESP"]

1. d4 Nf6 2. c4 c5 3. d5 b5 4. f3 bxc4 5. e4 d6 6. Bxc4 g6 7. Ne2 Bg7 8. 0-0 0-0 9. Nec3 Nbd7 10. a4 Nb6 11. Be2 a5 12. Na3 e6 13. e5 Nfxd5 14. exd6 Nxc3 15. bxc3 Nd5 16. Nb5 Ba6 17. Ba3 Bxb5 18. Bxb5 Nxc3 19. Bxc5 Nxd1 20. Raxd1 Rc8 21. Ba7 Rc2 22. Rfe1 Qg5 23. g3 Qh5 24. Re2 Qxf3 0-1

[Event "Almansa op 7th"]
[Site "Almansa"]
[Date "2012.08.12"]
[Round "9"]
[White "Varga, Mariano"]
[Black "Leon Varela, Luis"]
[Result "1-0"]
[WhiteElo "2103"]
[BlackElo "2165"]
[PlyCount "47"]
[EventDate "2012.08.07"]
[EventType "swiss"]
[EventRounds "9"]
[EventCountry "ESP"]
[SourceTitle "CBM 149 Extra"]
[Source "ChessBase"]
[SourceDate "2012.08.24"]
[SourceVersion "1"]
[SourceVersionDate "2012.08.24"]
[SourceQuality "1"]

1. d4 Nf6 2. c4 e6 3. Nc3 Bb4 4. a3 Bxc3+ 5. bxc3 d5 6. cxd5 exd5 7. e3 0-0 8. Bd3 b6 9. Ne2 Ba6 10. 0-0 Bxd3 11. Qxd3 Qc8 12. Ng3 Qa6 13. Qf5 Qc8 14. Qb1 Re8 15. f3 h5 16. Ra2 c5 17. Kh1 Nc6 18. Raf2 g6 19. e4 h4 20. Ne2 dxe4 21. fxe4 Nxe4 22. Rxf7 Qg4 23. Qa2 Qxe2 24. Rf8+ 1-0

[Event "Las Palmas Montalvo Memorial 5th"]
[Site "Las Palmas"]
[Date "2012.04.08"]
[Round "9"]
[White "Leon Varela, Luis"]
[Black "Korneev, Svyatoslav"]
[Result "0-1"]
[WhiteElo "2190"]
[BlackElo "1938"]
[PlyCount "70"]
[EventDate "2012.04.02"]
[EventType "swiss"]
[EventRounds "9"]
[EventCountry "ESP"]
[SourceTitle "CBM 147 Extra"]
[Source "ChessBase"]
[SourceDate "2012.04.24"]
[SourceVersion "1"]
[SourceVersionDate "2012.04.24"]
[SourceQuality "1"]

1. d4 Nf6 2. c4 c5 3. d5 b5 4. Qc2 bxc4 5. e4 g6 6. Nc3 d6 7. Bxc4 Bg7 8. Nf3 Nbd7 9. h3 Nb6 10. Be2 0-0 11. 0-0 Ne8 12. Bf4 Nc7 13. Rad1 Bb7 14. a4 a5 15. Qb3 Na6 16. Bb5 c4 17. Qc2 Nb4 18. Qb1 Qc7 19. Nd4 Nd7 20. b3 cxb3 21. Qxb3 Rfc8 22. Nce2 Nc5 23. Qe3 Qd8 24. Bh6 Bxh6 25. Qxh6 Nxe4 26. Nf4 Qf8 27. Qh4 Nf6 28. Rfe1 Nbxd5 29. Nxd5 Bxd5 30. Rd3 Rc7 31. Rg3 Rac8 32. Kh2 Bc4 33. Nf5 Be6 34. Nh6+ Kg7 35. Bd3 Rc5 0-1

[Event "Las Palmas Montalvo Memorial 5th"]
[Site "Las Palmas"]
[Date "2012.04.06"]
[Round "6"]
[White "Leon Varela, Luis"]
[Black "Perez Barreto, Adrian"]
[Result "1/2-1/2"]
[WhiteElo "2190"]
[BlackElo "1956"]
[PlyCount "76"]
[EventDate "2012.04.02"]
[EventType "swiss"]
[EventRounds "9"]
[EventCountry "ESP"]
[SourceTitle "CBM 147 Extra"]
[Source "ChessBase"]
[SourceDate "2012.04.24"]
[SourceVersion "1"]
[SourceVersionDate "2012.04.24"]
[SourceQuality "1"]

1. d4 Nf6 2. c4 g6 3. Nc3 Bg7 4. e4 d6 5. f3 0-0 6. Bg5 c5 7. d5 h6 8. Be3 e6 9. Qd2 exd5 10. cxd5 h5 11. Bg5 a6 12. a4 Re8 13. Nge2 Nbd7 14. Ng3 Qa5 15. Be2 b5 16. 0-0 b4 17. Nd1 Nh7 18. Bh6 Bd4+ 19. Be3 Bg7 20. Bh6 Bd4+ 21. Be3 Bh8 22. Nf2 Nhf6 23. Nd3 h4 24. Nh1 Nxd5 25. Bg5 N5b6 26. Bxh4 Nc4 27. Qc1 Ne3 28. Re1 b3 29. Bd1 Nxd1 30. Rxd1 Ne5 31. Nxe5 Bxe5 32. Bg3 Be6 33. Rxd6 Bxd6 34. Bxd6 c4 35. Qf4 f6 36. Qxf6 Qb6+ 37. Nf2 Qxd6 38. Qxg6+ Kh8 1/2-1/2

[Event "Las Palmas op 32nd"]
[Site "Las Palmas"]
[Date "2011.12.07"]
[Round "8"]
[White "Leon Varela, Luis"]
[Black "Gutierrez Olivares, Daniel"]
[Result "1-0"]
[WhiteElo "2158"]
[BlackElo "2268"]
[PlyCount "97"]
[EventDate "2011.12.02"]
[EventType "swiss"]
[EventRounds "9"]
[EventCountry "ESP"]
[SourceTitle "CBM 145 Extra"]
[Source "ChessBase"]
[SourceDate "2012.01.03"]
[SourceVersion "1"]
[SourceVersionDate "2012.01.03"]
[SourceQuality "1"]

1. d4 e6 2. c4 Nf6 3. Nc3 Bb4 4. f3 d5 5. a3 Be7 6. e4 dxe4 7. fxe4 e5 8. d5 Bc5 9. Nf3 Bg4 10. Bd3 Nbd7 11. h3 Bxf3 12. Qxf3 a5 13. Be3 Qe7 14. 0-0-0 Bxe3+ 15. Qxe3 0-0 16. Bc2 Qc5 17. Qxc5 Nxc5 18. b3 Nh5 19. Kb2 Ra6 20. Rd2 Rf6 21. Re1 Nf4 22. Re3 Rg6 23. b4 axb4 24. axb4 Na6 25. g3 Nxh3 26. Na2 Rf6 27. c5 Ng5 28. Ra3 Rf3 29. Rdd3 Rf2 30. Re3 Nb8 31. Ra7 Nf3 32. Rxb7 Nd4 33. Rc3 h5 34. b5 g5 35. b6 c6 36. Nb4 f5 37. Rxb8 Rxb8 38. dxc6 Nb5 39. c7 Nxc7 40. bxc7 Rc8 41. Nd5 Kf7 42. exf5 e4 43. Rb3 Rxf5 44. Bxe4 Re5 45. Rf3+ Ke8 46. Bg6+ Kd7 47. Bf5+ Kc6 48. Bxc8 Rxd5 49. Rf7 1-0

[Event "Las Palmas op 32nd"]
[Site "Las Palmas"]
[Date "2011.12.05"]
[Round "5"]
[White "Leon Varela, Luis"]
[Black "Perez Castellano, Susana"]
[Result "1-0"]
[WhiteElo "2158"]
[BlackElo "1827"]
[PlyCount "85"]
[EventDate "2011.12.02"]
[EventType "swiss"]
[EventRounds "9"]
[EventCountry "ESP"]
[SourceTitle "CBM 145 Extra"]
[Source "ChessBase"]
[SourceDate "2012.01.03"]
[SourceVersion "1"]
[SourceVersionDate "2012.01.03"]
[SourceQuality "1"]

1. c4 e5 2. Nc3 Nc6 3. g3 Nf6 4. Bg2 Bb4 5. Nd5 Bc5 6. e3 0-0 7. Ne2 Re8 8. 0-0 d6 9. d4 Bb6 10. Nxb6 axb6 11. d5 Ne7 12. e4 Ng6 13. Nc3 Bd7 14. h3 c6 15. dxc6 Bxc6 16. Be3 Qc7 17. a4 Bd7 18. b3 Ne7 19. Qd2 Bc6 20. Rfd1 Red8 21. Rac1 Nc8 22. Nd5 Bxd5 23. cxd5 Qb8 24. Bg5 Ne7 25. Bxf6 gxf6 26. Qh6 Ng6 27. h4 Rc8 28. h5 Rxc1 29. Rxc1 Qf8 30. Qe3 Ne7 31. Qxb6 Qd8 32. Qxd8+ Rxd8 33. Rc7 Kf8 34. Rxb7 f5 35. f3 fxe4 36. fxe4 f5 37. exf5 Nxf5 38. Rxh7 Kg8 39. Rb7 Nxg3 40. h6 Nf5 41. Bh3 Nxh6 42. Be6+ Kf8 43. Rh7 1-0

[Event "ESP-ch"]
[Site "El Sauzal"]
[Date "2010.09.09"]
[Round "6"]
[White "Martin Hernandez, Ruben"]
[Black "Leon Varela, Luis"]
[Result "1-0"]
[WhiteElo "2037"]
[BlackElo "2168"]
[PlyCount "53"]
[EventDate "2010.09.04"]
[EventType "swiss"]
[EventRounds "9"]
[EventCountry "ESP"]
[SourceTitle "CBM 138 Extra"]
[Source "ChessBase"]
[SourceDate "2010.10.29"]
[SourceVersion "1"]
[SourceVersionDate "2010.10.29"]
[SourceQuality "1"]

1. c4 e5 2. e3 Nc6 3. a3 Nf6 4. Nc3 Be7 5. b4 0-0 6. Qc2 Re8 7. Nf3 Bf8 8. d3 g6 9. Bb2 Bg7 10. Be2 d6 11. 0-0 Bf5 12. Ne4 Nd7 13. Rfd1 Qe7 14. Rac1 Nd8 15. Ng3 c5 16. Nd2 Be6 17. d4 cxd4 18. exd4 Rc8 19. dxe5 Nxe5 20. Qb1 Bh6 21. c5 Bg4 22. cxd6 Rxc1 23. dxe7 Rxb1 24. Nxb1 Ndc6 25. Bxe5 Bxe2 26. Nxe2 Rxe7 27. Bf4 1-0

[Event "Vecindario Canarias op 4th"]
[Site "Vecindario"]
[Date "2010.07.22"]
[Round "6"]
[White "Leon Varela, Luis"]
[Black "Perez Castellano, Susana"]
[Result "1-0"]
[WhiteElo "2170"]
[BlackElo "1794"]
[PlyCount "59"]
[EventDate "2010.07.18"]
[EventType "swiss"]
[EventRounds "9"]
[EventCountry "ESP"]
[SourceTitle "CBM 137 Extra"]
[Source "ChessBase"]
[SourceDate "2010.09.01"]
[SourceVersion "1"]
[SourceVersionDate "2010.09.01"]
[SourceQuality "1"]

1. Nf3 Nf6 2. c4 c5 3. Nc3 Nc6 4. g3 g6 5. Bg2 Bg7 6. 0-0 0-0 7. d3 d6 8. Rb1 Rb8 9. a3 b6 10. Bd2 Bb7 11. b4 Ba8 12. Ne1 Qd7 13. Qa4 e6 14. Nc2 Rfc8 15. Rfc1 Ne8 16. e3 Rd8 17. f4 Nf6 18. Ne1 Ng4 19. Qd1 Nf6 20. Qe2 Qe7 21. Bf3 d5 22. cxd5 Nxd5 23. bxc5 Nxc3 24. Bxc3 Bxc3 25. Rxc3 bxc5 26. Rbc1 Rb5 27. d4 Ra5 28. Rxc5 Rxc5 29. Rxc5 Qd6 30. Qg2 1-0

[Event "Vecindario Canarias op 4th"]
[Site "Vecindario"]
[Date "2010.07.18"]
[Round "1"]
[White "Leon Varela, Luis"]
[Black "Quiza Vazquez, Carolina"]
[Result "1-0"]
[WhiteElo "2170"]
[BlackElo "1558"]
[PlyCount "47"]
[EventDate "2010.07.18"]
[EventType "swiss"]
[EventRounds "9"]
[EventCountry "ESP"]
[SourceTitle "CBM 137 Extra"]
[Source "ChessBase"]
[SourceDate "2010.09.01"]
[SourceVersion "1"]
[SourceVersionDate "2010.09.01"]
[SourceQuality "1"]

1. d4 Nf6 2. c4 e6 3. Nc3 Bb4 4. f3 d5 5. a3 Bxc3+ 6. bxc3 0-0 7. e3 b6 8. Bd3 Ba6 9. cxd5 Bxd3 10. Qxd3 exd5 11. Ne2 Re8 12. 0-0 c5 13. dxc5 bxc5 14. c4 dxc4 15. Qxc4 Nbd7 16. e4 Rc8 17. Bb2 Nb6 18. Qa6 Rc7 19. Rad1 Qe7 20. Ng3 Rec8 21. Nf5 Qf8 22. Be5 Rd7 23. Rxd7 Nbxd7 24. Bd6 1-0

[Event "Las Palmas Insular-chT"]
[Site "Las Palmas"]
[Date "2010.04.17"]
[Round "12"]
[White "Leon Varela, Luis"]
[Black "Vega Gutierrez, Sabrina Neide"]
[Result "0-1"]
[WhiteElo "2121"]
[BlackElo "2332"]
[PlyCount "86"]
[EventDate "2010.01.16"]
[EventType "team-tourn"]
[EventRounds "14"]
[EventCountry "ESP"]
[SourceTitle "EXT 2011"]
[Source "ChessBase"]
[SourceDate "2010.11.26"]
[SourceVersion "1"]
[SourceVersionDate "2010.11.26"]
[SourceQuality "1"]
[WhiteTeam "Telde Los Llanos"]
[BlackTeam "Anand Iberia"]
[WhiteTeamCountry "ESP"]
[BlackTeamCountry "ESP"]

1. d4 d5 2. c4 dxc4 3. Nf3 Nf6 4. e3 Nc6 5. Bxc4 g6 6. Qb3 e6 7. Bd2 Bg7 8. Qa3 Ne4 9. 0-0 Nxd2 10. Nbxd2 Qd6 11. Bb5 Bd7 12. Qc3 0-0 13. Ne4 Qd5 14. Bxc6 Bxc6 15. Nc5 b6 16. Nd3 Bb5 17. a4 Bxd3 18. Qxd3 c5 19. e4 Qd7 20. d5 exd5 21. exd5 Rfd8 22. Rfd1 Bxb2 23. Rab1 Bd4 24. Nxd4 Qxd5 25. a5 Qxd4 26. Qxd4 Rxd4 27. Rxd4 cxd4 28. axb6 axb6 29. Kf1 d3 30. Ke1 Re8+ 31. Kf1 d2 32. Rd1 Re1+ 33. Rxe1 dxe1Q+ 34. Kxe1 Kf8 35. Kd2 Ke7 36. Kc3 Kd6 37. Kb4 Kc6 38. Kc4 b5+ 39. Kb4 Kb6 40. Kb3 Kc5 41. Kc3 b4+ 42. Kb3 Kb5 43. h4 h5 0-1

[Event "Las Palmas Insular-chT"]
[Site "Las Palmas"]
[Date "2010.04.10"]
[Round "11"]
[White "Leon Varela, Luis"]
[Black "Ortega Hermida, Daniel"]
[Result "1/2-1/2"]
[WhiteElo "2121"]
[BlackElo "2389"]
[PlyCount "137"]
[EventDate "2010.01.16"]
[EventType "team-tourn"]
[EventRounds "14"]
[EventCountry "ESP"]
[SourceTitle "EXT 2011"]
[Source "ChessBase"]
[SourceDate "2010.11.26"]
[SourceVersion "1"]
[SourceVersionDate "2010.11.26"]
[SourceQuality "1"]
[WhiteTeam "Telde Los Llanos"]
[BlackTeam "La Caja de Las Palmas"]
[WhiteTeamCountry "ESP"]
[BlackTeamCountry "ESP"]

1. d4 Nf6 2. c4 e6 3. Nc3 Bb4 4. f3 c5 5. d5 b5 6. e4 bxc4 7. Bxc4 Nxd5 8. Bxd5 exd5 9. Qxd5 Nc6 10. Nge2 Ba6 11. Kf2 0-0 12. Rd1 Re8 13. Bf4 Qb6 14. Kg3 Re6 15. Rd2 c4 16. h3 Rae8 17. Nd4 Nxd4 18. Qxd4 Bc5 19. Qxd7 Bg1 20. Bd6 Qe3 21. Rxg1 Qxd2 22. Nd5 Qg5+ 23. Kh2 Qd8 24. Qxd8 Rxd8 25. Bc5 Bb7 26. Ne3 Rc8 27. Bxa7 Ra6 28. Bd4 Rxa2 29. Nf5 Rd8 30. Bxg7 Bc8 31. Bf6 Re8 32. Ne7+ Kf8 33. Nxc8 Rxc8 34. Rd1 Ra6 35. Bc3 Rcc6 36. Rd8+ Ke7 37. Rh8 h6 38. g4 Ra2 39. Kg3 Ra1 40. Bb4+ Kd7 41. Rf8 Rb6 42. Bc3 Ke7 43. Rc8 Ra4 44. f4 Kd7 45. Rf8 Ke7 46. Rc8 Kd7 47. Rc5 Kd6 48. Rh5 Ke7 49. Re5+ Kd7 50. Rc5 Re6 51. Kf3 Rd6 52. g5 hxg5 53. fxg5 Rd3+ 54. Kg4 Ra1 55. Rxc4 Rg1+ 56. Kf4 Rxh3 57. Bf6 Rb3 58. Ra4 Rf1+ 59. Kg4 Rg1+ 60. Kf5 Rf1+ 61. Ke5 Rb5+ 62. Kd4 Rxb2 63. Ra7+ Kd6 64. e5+ Ke6 65. Re7+ Kf5 66. Rxf7 Rd1+ 67. Kc3 Rb5 68. Kc4 Rbd5 69. Rc7 1/2-1/2

[Event "Las Palmas Insular-chT"]
[Site "Las Palmas"]
[Date "2010.02.20"]
[Round "6"]
[White "Leon Varela, Luis"]
[Black "Gonzalez Garcia, Guillermo W"]
[Result "1/2-1/2"]
[WhiteElo "2121"]
[BlackElo "2217"]
[PlyCount "78"]
[EventDate "2010.01.16"]
[EventType "team-tourn"]
[EventRounds "14"]
[EventCountry "ESP"]
[SourceTitle "EXT 2011"]
[Source "ChessBase"]
[SourceDate "2010.11.26"]
[SourceVersion "1"]
[SourceVersionDate "2010.11.26"]
[SourceQuality "1"]
[WhiteTeam "Telde Los Llanos"]
[BlackTeam "Cadetra"]
[WhiteTeamCountry "ESP"]
[BlackTeamCountry "ESP"]

1. d4 Nf6 2. c4 e6 3. Nc3 Bb4 4. f3 c5 5. d5 exd5 6. cxd5 d6 7. e4 0-0 8. Be3 Nbd7 9. Nh3 a6 10. Nf2 b5 11. Be2 c4 12. 0-0 Rb8 13. Qc2 Re8 14. Ba7 Rb7 15. Bd4 Bc5 16. Bxc5 Nxc5 17. b4 cxb3 18. axb3 Rc7 19. Qb2 Qe7 20. b4 Ncd7 21. f4 Nb6 22. Bf3 Nfd7 23. Rad1 Qf6 24. e5 Qxf4 25. exd6 Nc4 26. Qc1 Qxc1 27. Rxc1 Nxd6 28. Nce4 Rxc1 29. Rxc1 Nc4 30. Nc5 Nb8 31. Rd1 f5 32. g3 Re3 33. Bh1 Nd6 34. Nfd3 Nc4 35. Nf4 Nd6 36. Nfe6 Kf7 37. Nd8+ Kf6 38. Nc6 Nxc6 39. dxc6 Ke7 1/2-1/2

[Event "Las Palmas Insular-chT"]
[Site "Las Palmas"]
[Date "2010.02.06"]
[Round "4"]
[White "Leon Varela, Luis"]
[Black "Garcia Padron, Jose"]
[Result "0-1"]
[WhiteElo "2121"]
[BlackElo "2447"]
[PlyCount "72"]
[EventDate "2010.01.16"]
[EventType "team-tourn"]
[EventRounds "14"]
[EventCountry "ESP"]
[SourceTitle "EXT 2011"]
[Source "ChessBase"]
[SourceDate "2010.11.26"]
[SourceVersion "1"]
[SourceVersionDate "2010.11.26"]
[SourceQuality "1"]
[WhiteTeam "Telde Los Llanos"]
[BlackTeam "La Caja de Las Palmas"]
[WhiteTeamCountry "ESP"]
[BlackTeamCountry "ESP"]

1. d4 d5 2. Nf3 Nf6 3. c4 e6 4. g3 dxc4 5. Bg2 Be7 6. Qa4+ Bd7 7. Qxc4 Bc6 8. 0-0 Nbd7 9. Nc3 0-0 10. Rd1 Nd5 11. Ne5 Nxc3 12. Nxc6 Nxe2+ 13. Qxe2 bxc6 14. Bxc6 Rb8 15. d5 e5 16. Be3 a5 17. b3 Bd6 18. Bd2 f5 19. Bxa5 e4 20. f4 Nf6 21. Rac1 g5 22. Kh1 gxf4 23. gxf4 Bxf4 24. Rg1+ Kh8 25. Rcf1 Qd6 26. Bc3 Be5 27. Qb2 Bxc3 28. Qxc3 f4 29. Rg4 e3 30. Rgxf4 e2 31. R1f2 Rf7 32. Re4 Rg8 33. Re6 Rfg7 34. Qxf6 Qf8 35. Qd4 Qb4 36. Qa1 Qg4 0-1

[Event "Gran Canaria Primavera op"]
[Site "Gran Canaria"]
[Date "2009.03.25"]
[Round "4"]
[White "Navarro Molina, David"]
[Black "Leon Varela, Luis"]
[Result "0-1"]
[WhiteElo "1821"]
[BlackElo "2135"]
[PlyCount "76"]
[EventDate "2009.03.17"]
[EventType "swiss"]
[EventRounds "9"]
[EventCountry "ESP"]
[SourceTitle "EXT 2011"]
[Source "ChessBase"]
[SourceDate "2010.11.26"]
[SourceVersion "1"]
[SourceVersionDate "2010.11.26"]
[SourceQuality "1"]

1. d4 d5 2. c4 c6 3. Nc3 Nf6 4. Nf3 e6 5. e3 Nbd7 6. Qc2 h6 7. b3 Bb4 8. Bd2 0-0 9. Be2 Bd6 10. 0-0 Re8 11. Rad1 Qe7 12. Rfe1 dxc4 13. Bxc4 e5 14. e4 a6 15. d5 cxd5 16. Nxd5 Nxd5 17. Bxd5 Nf6 18. Ba5 Nxd5 19. Rxd5 Be6 20. Rd3 Bb4 21. Bxb4 Qxb4 22. Nd2 Rac8 23. Qb1 Red8 24. Rxd8+ Rxd8 25. Nf1 Rd4 26. f3 Qc5 27. Kh1 Qc3 28. Re3 Qb4 29. Qc1 Qd6 30. Re1 Rd3 31. Qc2 Qd4 32. Rc1 Kh7 33. Re1 b5 34. h3 b4 35. Kh2 Bd7 36. Qc1 Bb5 37. Ne3 Rc3 38. Nc2 Qf2 0-1

[Event "Gran Canaria Primavera op"]
[Site "Gran Canaria"]
[Date "2009.03.18"]
[Round "2"]
[White "Leon Varela, Luis"]
[Black "Roque Hernandez, Francisco"]
[Result "1-0"]
[WhiteElo "2135"]
[BlackElo "1844"]
[PlyCount "37"]
[EventDate "2009.03.17"]
[EventType "swiss"]
[EventRounds "9"]
[EventCountry "ESP"]
[SourceTitle "EXT 2011"]
[Source "ChessBase"]
[SourceDate "2010.11.26"]
[SourceVersion "1"]
[SourceVersionDate "2010.11.26"]
[SourceQuality "1"]

1. d4 d5 2. Nf3 Nf6 3. c4 e6 4. g3 Bb4+ 5. Bd2 Bxd2+ 6. Nbxd2 c6 7. Bg2 0-0 8. 0-0 Nbd7 9. Qc2 Re8 10. Rfd1 e5 11. dxe5 Nxe5 12. Nxe5 Rxe5 13. cxd5 Rxe2 14. Bf3 Re8 15. dxc6 Qb6 16. Nc4 Qc7 17. Nd6 bxc6 18. Nxe8 Nxe8 19. Qxc6 1-0